Statistics for Capitals of Countries in the British Commonwealth

Click here to take the quiz!

General Stats

  • This quiz has been taken 4 times
  • The average score is 35 of 54

Answer Stats

CountryCapital% Correct
AustraliaCanberra
100%
South AfricaCape Town
100%
MalaysiaKuala Lumpur
100%
KenyaNairobi
100%
SingaporeSingapore
100%
New ZealandWellington
100%
NigeriaAbuja
75%
GhanaAccra
75%
GambiaBanjul
75%
BelizeBelmopan
75%
BangladeshDhaka
75%
TanzaniaDodoma
75%
Sierra LeoneFreetown
75%
BotswanaGaborone
75%
GuyanaGeorgetown
75%
PakistanIslamabad
75%
UgandaKampala
75%
JamaicaKingston
75%
St. Vincent and
the Grenadines
Kingstown
75%
United KingdomLondon
75%
ZambiaLusaka
75%
MozambiqueMaputo
75%
LesothoMaseru
75%
IndiaNew Delhi
75%
CyprusNicosia
75%
CanadaOttawa
75%
MauritiusPort Louis
75%
Papua New GuineaPort Moresby
75%
Trinidad and TobagoPort of Spain
75%
Antigua and
Barbuda
Saint John's
75%
FijiSuva
75%
MaltaValletta
75%
SeychellesVictoria
75%
NamibiaWindhoek
75%
SamoaApia
50%
BruneiBandar Seri Begawan
50%
St. Kitts and NevisBasseterre
50%
BarbadosBridgetown
50%
St. LuciaCastries
50%
TuvaluFunafuti
50%
RwandaKigali
50%
MalawiLilongwe
50%
MaldivesMale
50%
BahamasNassau
50%
TongaNukuʻalofa
50%
GrenadaSaint George's
50%
Sri LankaSri Jayawardenepura Kotte
50%
KiribatiTarawa
50%
CameroonYaounde
50%
Solomon IslandsHoniara
25%
VanuatuPort Vila
25%
DominicaRoseau
25%
EswatiniLobamba
0%
NauruYaren District
0%

Score Distribution

Percentile by Number Answered

Percent of People with Each Score

Your Score History

You have not taken this quiz